书目信息 |
| 题名: |
C程序设计
|
|
| 作者: | 谭浩强, 著 | |
| 分册: | ||
| 出版信息: | 北京 清华大学出版社 2005.7 |
|
| 页数: | 378页 | |
| 开本: | 28cm | |
| 丛书名: | 新世纪计算机基础教育丛书 | |
| 单 册: | ||
| 中图分类: | TP312 | |
| 科图分类: | ||
| 主题词: | 程序设计--cheng xu she ji , C语言--C yu yan--程序设计 | |
| 电子资源: | ||
| ISBN: | 7-302-10853-6 | |
| 000 | 01081cam2 2200301 450 | |
| 001 | 0956674905 | |
| 005 | 20091117121650.10 | |
| 010 | @a7-302-10853-6@dCNY26.00 | |
| 100 | @a20050716d2005 em y0chiy0121 ea | |
| 101 | 0 | @achi |
| 102 | @aCN@b110000 | |
| 105 | @ay z 000yy | |
| 200 | 1 | @aC程序设计@AC cheng xu she ji@f谭浩强著 |
| 205 | @a第3版 | |
| 210 | @a北京@c清华大学出版社@d2005.7 | |
| 215 | @a378页@d28cm | |
| 225 | 2 | @a新世纪计算机基础教育丛书@Axin shi ji ji suan ji ji chu jiao yu cong shu |
| 314 | @a谭浩强(1934-),广东台山人,我国著名计算机教育专家,现任全国高等院校计算机基础教育研究会会长,著有《C程序设计》。 | |
| 320 | @a有书目(第378页) | |
| 330 | @a本书包括:C语言概述、数据类型、运算符与表达式、最简单的C程序设计、循环控制、函数、预处理命令、结构体与共用体等内容。 | |
| 461 | 0 | @12001 @a新世纪计算机基础教育丛书 |
| 606 | 0 | @a程序设计@Acheng xu she ji |
| 606 | 0 | @aC语言@AC yu yan@x程序设计 |
| 690 | @aTP312@v4 | |
| 701 | 0 | @a谭浩强,@Atan hao qiang@f1934-@4著 |
| 801 | 2 | @aCN@c20091117 |
| 801 | 0 | @aCN@bSRXX@c20090618 |
| 905 | @dTP312@eT1005 | |
| C程序设计/谭浩强著.-第3版.-北京:清华大学出版社,2005.7 |
| 378页;28cm.-(新世纪计算机基础教育丛书) |
| ISBN 7-302-10853-6:CNY26.00 |
| 本书包括:C语言概述、数据类型、运算符与表达式、最简单的C程序设计、循环控制、函数、预处理命令、结构体与共用体等内容。 |
| ● |
| 相关链接 |
|
|
|
正题名:C程序设计
索取号:TP312/T1005
 
预约/预借
| 序号 | 登录号 | 条形码 | 馆藏地/架位号 | 状态 | 备注 |
| 1 | 468987 | 204689872 | 期刊室512/301自科库 46排2列3层/ [索取号:TP312/T1005] | 在馆 | |
| 2 | 469483 | 204694839 | 期刊室512/301自科库 46排2列3层/ [索取号:TP312/T1005] | 在馆 |